000 00522nam a2200169Ia 4500
999 _c23439
_d23439
003 OSt
005 20200519101243.0
008 190216s9999||||xx |||||||||||||| ||und||
020 _a9798174355880
040 _coclc
082 _a297.63
_bKHA/E
100 _aKhan, Mohammad Akram
_92410
245 0 _aEconomic Teachings Of Prophet Muhammad /
_cMohammad Akram Khan
260 _bAdam Publishers&Distributors,
_c2009.
_aNew Delhi:
300 _a440p
942 _cBK
_2ddc
_h297.63
_iKHA/E
_k297.63
_mKHA/E